Ajuste contable por infalción (Registro nro. 1772)
[ vista simple ]
| 000 -LEADER | |
|---|---|
| fixed length control field | 00929 a2200205 4500 |
| 001 - CONTROL NUMBER | |
| control field | 28981 |
| 005 - DATE AND TIME OF LATEST TRANSACTION | |
| control field | 20260407155558.0 |
| 008 - FIXED-LENGTH DATA ELEMENTS--GENERAL INFORMATION | |
| fixed length control field | 260407a1980 arg spa d |
| 003 - CONTROL NUMBER IDENTIFIER | |
| control field | AR-UNSa-BCEJYS |
| 040 ## - CATALOGING SOURCE | |
| Original cataloging agency | AR-UNSa-BCEJYS |
| Language of cataloging | spa |
| Transcribing agency | AR-UNSa-BCEJYS |
| 080 ## - UNIVERSAL DECIMAL CLASSIFICATION NUMBER | |
| Universal Decimal Classification number | 657.23 |
| Common auxiliary subdivision | Compensaciones. Correcciones. Ajustes (devaluación monetaria) |
| 100 1# - MAIN ENTRY--PERSONAL NAME | |
| Personal name | Senderovich, Isaac Aizik |
| 245 10 - TITLE STATEMENT | |
| Title | Ajuste contable por infalción |
| Name of part/section of a work | Res. Nº 183/79 CPCECF, método simplificado |
| 264 #1 - PRODUCTION, PUBLICATION, DISTRIBUTION, MANUFACTURE, AND COPYRIGHT NOTICE | |
| Place of production, publication, distribution, manufacture | Buenos Aires : |
| Name of producer, publisher, distributor, manufacturer | Ediciones Macchi |
| Date of production, publication, distribution, manufacture, or copyright notice | 1980 |
| 300 ## - PHYSICAL DESCRIPTION | |
| Extent | 137 p. |
| Dimensions | 23 cm. |
| 505 ## - FORMATTED CONTENTS NOTE | |
| Formatted contents note | 1. Principales disposiciones de la resolución nº 183/79 CPCECF - 2. Los estados contables y la inflación - 3. Lineamientos generales del método simplificado - 4. Normas del método simplificado anexo res. nº 183/79 CPCECF - 5. Aplicación del método simplificado |
| 590 ## - LOCAL NOTE (RLIN) | |
| Local note | niveau_biblio:m niveau_hierar:0 |
| 700 1# - ADDED ENTRY--PERSONAL NAME | |
| Personal name | Telias, Alejandro J. |
| 942 ## - ADDED ENTRY ELEMENTS (KOHA) | |
| Koha item type | |
| Withdrawn status | Lost status | Damaged status | Not for loan | Home library | Current library | Shelving location | Date acquired | Total checkouts | Full call number | Barcode | Date last seen | Price effective from | Koha item type |
|---|---|---|---|---|---|---|---|---|---|---|---|---|---|
| Biblioteca Prof. Eusebio Cleto del Rey | Biblioteca Prof. Eusebio Cleto del Rey | 07/04/2026 | 657.23 S475 | L28482 | 07/04/2026 | 07/04/2026 | Libro | ||||||
| Biblioteca Prof. Eusebio Cleto del Rey | Biblioteca Prof. Eusebio Cleto del Rey | 07/04/2026 | 657.23 S475 | L28481 | 07/04/2026 | 07/04/2026 | Libro | ||||||
| Biblioteca Prof. Eusebio Cleto del Rey | Biblioteca Prof. Eusebio Cleto del Rey | 07/04/2026 | 657.23 S475 | L28990 | 07/04/2026 | 07/04/2026 | Libro | ||||||
| Biblioteca Prof. Eusebio Cleto del Rey | Biblioteca Prof. Eusebio Cleto del Rey | 07/04/2026 | 657.23 S475 | L33788 | 07/04/2026 | 07/04/2026 | Libro | ||||||
| Biblioteca Prof. Eusebio Cleto del Rey | Biblioteca Prof. Eusebio Cleto del Rey | 07/04/2026 | 657.23 S475 | L33789 | 07/04/2026 | 07/04/2026 | Libro |